[Event "Zlin Region-chT 2324"]
[Site "Czech Republic"]
[Date "2024.03.24"]
[Round "10.2"]
[White "Bazant, Petr Sr"]
[Black "Kubin, Tomas Daniel"]
[Result "1-0"]
[WhiteElo "2171"]
[BlackElo "1797"]
[PlyCount "79"]
[EventDate "2023.10.22"]
[EventType "team-tourn"]
[EventRounds "11"]
[EventCountry "CZE"]
[SourceTitle "EXT 2025"]
[Source "ChessBase"]
[SourceDate "2024.10.14"]
[SourceVersion "1"]
[SourceVersionDate "2024.10.14"]
[SourceQuality "1"]
[WhiteTeam "Napajedla Slavia"]
[BlackTeam "Postoupky Sokol"]
[WhiteTeamCountry "CZE"]
[BlackTeamCountry "CZE"]

1. d4 Nf6 2. c4 c5 3. d5 b5 4. cxb5 a6 5. bxa6 g6 6. Nc3 Bg7 7. g3 0-0 8. Bg2 d6 9. Nf3 Nbd7 10. 0-0 Bxa6 11. Qc2 Ng4 12. h3 Nge5 13. Nxe5 Nxe5 14. Rd1 Nc4 15. Bf1 Qa5 16. e3 Rfb8 17. Bxc4 Bxc4 18. Bd2 Qa6 19. Be1 Qb7 20. b3 Bxd5 21. Nxd5 Bxa1 22. Nxe7+ Qxe7 23. Rxa1 Ra3 24. Bc3 Qa7 25. Bb2 Ra6 26. Qc3 Kf8 27. Rd1 Qb6 28. Qg7+ Ke8 29. Bf6 Rxa2 30. Qg8+ Kd7 31. Qxf7+ Kc6 32. Qd5+ Kc7 33. Be7 Ra6 34. Bxd6+ Qxd6 35. Qf7+ Kc8 36. Rxd6 Rxd6 37. Qxh7 Rb7 38. Qg8+ Kc7 39. h4 Rb8 40. Qc4 1-0

[Event "Zlin Region-chT 2324"]
[Site "Czech Republic"]
[Date "2024.02.04"]
[Round "7.1"]
[White "Marak, Jakub"]
[Black "Kubin, Tomas Daniel"]
[Result "1-0"]
[WhiteElo "2063"]
[BlackElo "1797"]
[PlyCount "77"]
[EventDate "2023.10.22"]
[EventType "team-tourn"]
[EventRounds "11"]
[EventCountry "CZE"]
[SourceTitle "EXT 2025"]
[Source "ChessBase"]
[SourceDate "2024.10.14"]
[SourceVersion "1"]
[SourceVersionDate "2024.10.14"]
[SourceQuality "1"]
[WhiteTeam "Zlin II"]
[BlackTeam "Postoupky Sokol"]
[WhiteTeamCountry "CZE"]
[BlackTeamCountry "CZE"]

1. d4 Nf6 2. Nf3 g6 3. g3 d5 4. Bg2 Bg7 5. c4 c6 6. 0-0 0-0 7. Nc3 Nbd7 8. Re1 dxc4 9. e4 Nb6 10. Bg5 h6 11. Bd2 Bg4 12. e5 Nfd5 13. Ne4 Qc8 14. Qc1 Kh7 15. Qc2 Bf5 16. Nh4 Bh3 17. Bh1 a5 18. a3 Nc7 19. f4 Nb5 20. Be3 Rd8 21. Rad1 Bg4 22. Rd2 c3 23. bxc3 Nc4 24. Rf2 Nbxa3 25. Qd3 e6 26. h3 Bxh3 27. Rh2 Bf5 28. Bf3 c5 29. g4 cxd4 30. Bxd4 Bxe4 31. Bxe4 Nb5 32. g5 Nxd4 33. cxd4 Nxe5 34. fxe5 Bxe5 35. Bxg6+ fxg6 36. Qxg6+ Kh8 37. dxe5 Qc5+ 38. Kh1 Qc6+ 39. Ng2 1-0

[Event "Zlin Region-chT 2223"]
[Site "Czech Republic"]
[Date "2022.11.13"]
[Round "3.4"]
[White "Dolezal, Karel1"]
[Black "Kubin, Tomas Daniel"]
[Result "0-1"]
[WhiteElo "1887"]
[BlackElo "1764"]
[PlyCount "120"]
[EventDate "2022.10.09"]
[EventType "team-tourn"]
[EventRounds "11"]
[EventCountry "CZE"]
[SourceTitle "EXT 2024"]
[Source "ChessBase"]
[SourceDate "2023.10.10"]
[SourceVersion "1"]
[SourceVersionDate "2023.10.10"]
[SourceQuality "1"]
[WhiteTeam "Francova Lhota Sokol"]
[BlackTeam "Postoupky Sokol"]
[WhiteTeamCountry "CZE"]
[BlackTeamCountry "CZE"]

1. c4 Nf6 2. d4 c5 3. Nf3 g6 4. d5 b5 5. cxb5 a6 6. bxa6 Bg7 7. Nc3 0-0 8. e4 Qa5 9. e5 Ng4 10. Qa4 Qxa4 11. Nxa4 Nxe5 12. Nxe5 Bxe5 13. Nxc5 Bd4 14. Be3 Bxb2 15. Rb1 Bc3+ 16. Bd2 Bxd2+ 17. Kxd2 d6 18. Na4 Bxa6 19. Nc3 Rc8 20. Rb2 Kf8 21. Bb5 Bxb5 22. Rxb5 Nd7 23. Ra1 Ra3 24. Rb3 Ra5 25. Rab1 Nf6 26. Rb5 Rc5 27. Rxc5 Rxc5 28. a4 Nxd5 29. Nxd5 Rxd5+ 30. Kc3 Rc5+ 31. Kb3 Ke8 32. Kb4 Kd7 33. a5 Rc8 34. Ra1 Rb8+ 35. Ka4 Kc6 36. Rc1+ Kb7 37. Rb1+ Ka7 38. Rc1 d5 39. Rd1 e6 40. f4 Rb2 41. Rc1 Kb7 42. g3 Rxh2 43. Rb1+ Ka7 44. Rc1 Rb2 45. Rc7+ Rb7 46. Rc8 Rd7 47. Rc3 d4 48. Rd3 Ka6 49. Kb4 f6 50. Kc5 Rd5+ 51. Kb4 Rb5+ 52. Kc4 Rxa5 53. Rb3 e5 54. fxe5 fxe5 55. Rb8 Ka7 56. Re8 Kb6 57. Re6+ Kc7 58. Re7+ Kd6 59. Rxh7 Rc5+ 60. Kb4 d3 0-1

[Event "CZE-ch U12"]
[Site "Kouty nad Desnou"]
[Date "2020.03.08"]
[Round "2"]
[White "Prazak, Daniel"]
[Black "Kubin, Tomas Daniel"]
[Result "1-0"]
[WhiteElo "1765"]
[BlackElo "1484"]
[PlyCount "65"]
[EventDate "2020.03.07"]
[EventType "swiss"]
[EventRounds "7"]
[EventCountry "CZE"]
[SourceTitle "CBM 195 Extra"]
[Source "ChessBase"]
[SourceDate "2020.05.31"]
[SourceVersion "1"]
[SourceVersionDate "2020.05.31"]
[SourceQuality "1"]

1. e4 d5 2. exd5 Nf6 3. Bb5+ Bd7 4. Be2 Nxd5 5. d4 g6 6. Nf3 Bg7 7. 0-0 0-0 8. c4 Nb6 9. h3 Bf5 10. Nc3 Nc6 11. Be3 e5 12. d5 Ne7 13. Qb3 Re8 14. Rfd1 e4 15. Nd4 Bc8 16. Ndb5 Nf5 17. Bxb6 axb6 18. g4 Nh4 19. d6 Nf3+ 20. Bxf3 exf3 21. Nd5 c6 22. Ne7+ Rxe7 23. dxe7 Qxe7 24. Nd4 Qe4 25. Qxf3 Qxf3 26. Nxf3 Be6 27. Rac1 Bxb2 28. Rb1 Bg7 29. Rxb6 Bxc4 30. Rxb7 Be2 31. Rdd7 Bxf3 32. Rxf7 Rxa2 33. Rxg7+ 1-0

[Event "Liptovsky Mikulas V4 U11 op"]
[Site "Liptovsky Mikulas"]
[Date "2017.06.23"]
[Round "4"]
[White "Compel, Daniel"]
[Black "Kubin, Tomas Daniel"]
[Result "1/2-1/2"]
[WhiteElo "1384"]
[BlackElo "1107"]
[PlyCount "106"]
[EventDate "2017.06.22"]
[EventType "swiss"]
[EventRounds "9"]
[EventCountry "SVK"]
[SourceTitle "CBM 179 Extra"]
[Source "ChessBase"]
[SourceDate "2017.08.23"]
[SourceVersion "1"]
[SourceVersionDate "2017.08.23"]
[SourceQuality "1"]

1. e4 c6 2. d4 d5 3. Nc3 dxe4 4. Nxe4 Bf5 5. Nc3 Nf6 6. Nf3 e6 7. Be2 Bd6 8. Nh4 0-0 9. Nxf5 exf5 10. 0-0 Qc7 11. g3 Nbd7 12. Bf3 Rfe8 13. Re1 Rxe1+ 14. Qxe1 Re8 15. Qd1 f4 16. Ne4 Nxe4 17. Qe2 Nef6 18. Qd2 fxg3 19. hxg3 Qd8 20. b3 Qe7 21. Bb2 Bb4 22. c3 Ba3 23. Bxa3 Qxa3 24. b4 Qa6 25. Bg2 Qb6 26. c4 Qd8 27. b5 cxb5 28. cxb5 b6 29. Rd1 Qe7 30. Bf3 Ne4 31. Qd3 Ng5 32. Bc6 Nh3+ 33. Kf1 Rd8 34. f4 g5 35. Re1 Qf6 36. Kg2 Nxf4+ 37. gxf4 Qxf4 38. Qc3 Qg4+ 39. Kf2 Qh4+ 40. Ke2 Re8+ 41. Kd1 Rxe1+ 42. Qxe1 Qxe1+ 43. Kxe1 Nf6 44. Ke2 Kf8 45. Kf3 Ke7 46. Ke3 Kd6 47. a4 h5 48. Bf3 Ke6 49. Kd3 Kf5 50. Ke3 Ng4+ 51. Ke2 Kf4 52. Bg2 Ne3 53. d5 Nf5 1/2-1/2

[Event "Liptovsky Mikulas V4 U11 op"]
[Site "Liptovsky Mikulas"]
[Date "2017.06.23"]
[Round "5"]
[White "Kubin, Tomas Daniel"]
[Black "Gollner, Martin"]
[Result "1-0"]
[WhiteElo "1107"]
[BlackElo "1000"]
[PlyCount "57"]
[EventDate "2017.06.22"]
[EventType "swiss"]
[EventRounds "9"]
[EventCountry "SVK"]
[SourceTitle "CBM 179 Extra"]
[Source "ChessBase"]
[SourceDate "2017.08.23"]
[SourceVersion "1"]
[SourceVersionDate "2017.08.23"]
[SourceQuality "1"]

1. e4 e5 2. Nf3 Nc6 3. d4 exd4 4. Bc4 Nf6 5. Nxd4 Nxe4 6. Qf3 d5 7. Nxc6 bxc6 8. Bd3 Nc5 9. 0-0 Bd6 10. Re1+ Be6 11. Nc3 0-0 12. Bd2 Qh4 13. g3 Qh3 14. Qg2 Qh5 15. Be2 Qf5 16. Qf3 Qxc2 17. Qe3 Qxb2 18. Rab1 Qa3 19. Bc1 Qa4 20. Bd2 Qa3 21. Bc1 Qa5 22. Bd2 Rab8 23. Ne4 Qa4 24. Nxc5 Bxc5 25. Qxc5 Rxb1 26. Rxb1 Qxa2 27. Rd1 Rb8 28. Qxc6 Rb1 29. Qe8# 1-0